logo

Bir Sreshtho Munshi Abdur Rouf Library
Jhenaidah Cadet College

সাহাবীদের ইসলামগ্রহণের গল্প / (Record no. 13444)

MARC details
000 -LEADER
fixed length control field 00769nam a2200229 a 4500
001 - CONTROL NUMBER
JCCL Control Number 13444
003 - CONTROL NUMBER IDENTIFIER
JCCL marc code BD-JhCC
005 - DATE AND TIME OF LATEST TRANSACTION
control field 20230924113954.0
008 - FIXED-LENGTH DATA ELEMENTS--GENERAL INFORMATION
fixed length control field 171004s2020 b |||| ||a| 00| 0 ben d
020 ## - INTERNATIONAL STANDARD BOOK NUMBER
International Standard Book Number 9849849492962
035 ## - SYSTEM CONTROL NUMBER
system control number (BD-JhCC)13444
040 ## - CATALOGING SOURCE
Original cataloging agency BD-JhCC
Modifying agency BD-JhCC
041 ## - LANGUAGE CODE
Language code of Book bengali
082 ## - DEWEY DECIMAL CLASSIFICATION NUMBER
DDC Edition number 23
Classification number 297.1
Author mark and Year ALI 2020
100 ## - MAIN ENTRY--PERSONAL NAME
Personal name আলী, মুহাম্মাদ আদম
245 ## - TITLE STATEMENT
Title সাহাবীদের ইসলামগ্রহণের গল্প /
Statement of responsibility, etc মুহাম্মাদ আদম আলী।
260 ## - PUBLICATION, DISTRIBUTION, ETC. (IMPRINT)
Place of publication, distribution, etc ঢাকা :
Name of publisher, distributor, etc মাকতাবাতুম ফুরকান পাবলিকেশন্স;
Date of publication, distribution, etc 2020.
300 ## - PHYSICAL DESCRIPTION
Pagination 79 p. :
Dimensions 22 cm.
650 ## - SUBJECT ADDED ENTRY--TOPICAL TERM
Topical term or geographic name as entry element Islamic
942 ## - ADDED ENTRY ELEMENTS (KOHA)
Source of classification or shelving scheme Dewey Decimal Classification
Koha item type Books
Koha issues (borrowed), all copies 19
Holdings
Source of classification or shelving scheme Damaged status Not for loan Home library Current library Shelving location Date of accession Cost, normal purchase price Total Checkouts Full call number Barcode Date last seen Copy number Method of acquisition Koha item type Currency
Dewey Decimal Classification     JCC Rouf Library JCC Rouf Library General Stacks 09/24/2023 200.00   297.1 ALI 2020 18343 09/24/2023 C-1 Purchase Books BDT

JCC Library | Contacts | JCC Home

Last Update on 23 September 2017
Copyright @ 2017-2020 JCC Rouf Library
Rouf Library, Jhenidah Cadet College (JCC), Bangladesh